| 000 | 00450cam a2200181ua 4500 | ||
|---|---|---|---|
| 020 | _c35.00 | ||
| 041 |
_aeng _h |
||
| 082 |
_a621.8152 _bSPO/MA |
||
| 100 | _aSpooner, Henry.J.C.E . | ||
| 245 |
_aMachine drawing and design for beginners / _cJ.C.E.Henry Spooner. _hTextual Documents |
||
| 250 |
_a2 / _b. |
||
| 260 |
_a : _bLongman , _c1959. |
||
| 300 | _a266 ; . | ||
| 365 | _a35.00 | ||
| 504 | _a | ||
| 942 | _cBK | ||
| 999 |
_c1934 _d1934 |
||